Widok standardowy
Widok MARC
Pozycja Corporate Name
Liczba rekordów, w których użyto hasła: 2
001 - Numer kontrolny
- control field: 40941
003 - Identyfikator numeru kontrolnego
- control field: NUKAT
005 - Data i czas ostatniej modyfikacji
- control field: 20260429211941.0
008 - Dane kontrolne kodowane (40 znaków)
- fixed length control field: 000621n||a|znnaabn |a ana |c
010 ## - Numer kontrolny Biblioteki Kongresu
- numer kontrolny LC: n 00072745
024 7# - OTHER STANDARD IDENTIFIER
- Standard number or code: 132126368
- Source of number or code: viaf
024 7# - OTHER STANDARD IDENTIFIER
- Standard number or code: 0000000406261324
- Source of number or code: isni
024 7# - OTHER STANDARD IDENTIFIER
- Standard number or code: Q3660410
- Source of number or code: wikidata
040 ## - Instytucja sporządzająca rekord
- inst. przygot. dane do rek. khw: LUBL KUL/IP
- język haseł przedmiotowych/tezaurus: kaba
- inst. wprow. rek. khw: LUBL KUL/IP
- inst. modyf. rek. khw: WA U/96BMA
110 2# - Hasło - nazwa ciała zbiorowego
- nazwa ciała zbior. lub geogr. na pocz.: Carnegie Corporation of New York.
410 2# - Trop zob. - nazwa ciała zbiorowego
- nazwa ciała zbior. lub geogr. na pocz.: Fundacja Pokojowa Carnegiego.
410 2# - Trop zob. - nazwa ciała zbiorowego
- nazwa ciała zbior. lub geogr. na pocz.: Fundacja Carnegiego.
410 2# - Trop zob. - nazwa ciała zbiorowego
- nazwa ciała zbior. lub geogr. na pocz.: Carnegie Corporation.
665 ## - Nota historyczna
- nota historyczna: Carnegie Corporation of New York założona w 1911.
670 ## - Źródło informacji
- źródło informacji: Carnegie Corporation of New York / Vartan Gregorian. - [S.l.], 1997.
670 ## - Źródło informacji
- źródło informacji: Polska w czasie wielkiej wojny (1914-1918). T. 2 / [Fundacja Pokojowa Carnegiego]. - Warszawa, 1932.
670 ## - Źródło informacji
- źródło informacji: Creative philanthropy : Carnegie Corporation and Africa, 1953-1973 / E. Jefferson Murphy. - New York ; London, 1976.